000 003810000a22001330004500
008 230817t ||||| |||| 00| 0 eng d
082 _a305.49
_bSEN
245 _aSenegalese Women by the year 2015
260 _aDakar:
_bPopulation Council,
_c1993
300 _a89 p.
_bBibliography included
650 _aWomen-Social conditions-Senegal
700 _aSaad, Mary
_etrans.
942 _cRP
999 _c2448
_d2448